header

A matter of security (Record no. 48088)

MARC details
000 -LEADER
fixed length control field 01352nam a2200349Ia 4500
082 04 - DEWEY DECIMAL CLASSIFICATION NUMBER
Classification number 364.38
245 02 - TITLE STATEMENT
Title A matter of security
260 ## - PUBLICATION, DISTRIBUTION, ETC. (IMPRINT)
Place of publication London :
Name of publisher Jessica Kingsley,
Year of publication 2004.
300 ## - PHYSICAL DESCRIPTION
Number of Pages 280 p. :
Other physical details ill.
490 1# - SERIES STATEMENT
Series statement Forensic focus ;
650 #0 - SUBJECT ADDED ENTRY--TOPICAL TERM
Topical Term Attachment behavior.
Topical Term Criminal psychology.
700 1# - ADDED ENTRY--PERSONAL NAME
Personal name Adshead, Gwen.
Personal name Pf?afflin, Friedemann.
856 40 - ELECTRONIC LOCATION AND ACCESS
Uniform Resource Identifier http://site.ebrary.com/lib/rucke/Doc?id=10064430

No items available.

© 2026 Rongo University
Contact us: librarian | system librarian | Rongo university